<?xml version="1.0" encoding="UTF-8"?>
<record
    xmlns:xsi="http://www.w3.org/2001/XMLSchema-instance"
    xsi:schemaLocation="http://www.loc.gov/MARC21/slim http://www.loc.gov/standards/marcxml/schema/MARC21slim.xsd"
    xmlns="http://www.loc.gov/MARC21/slim">

  <leader>01499nam a22003137a 4500</leader>
  <controlfield tag="001">425</controlfield>
  <controlfield tag="003">OSt</controlfield>
  <controlfield tag="005">20250617150414.0</controlfield>
  <controlfield tag="008">250616b        |||||||j |||| 00| 1 eng d</controlfield>
  <datafield tag="020" ind1=" " ind2=" ">
    <subfield code="a">9788543102641</subfield>
  </datafield>
  <datafield tag="040" ind1=" " ind2=" ">
    <subfield code="b">por</subfield>
  </datafield>
  <datafield tag="041" ind1=" " ind2=" ">
    <subfield code="h">eng</subfield>
    <subfield code="a">por</subfield>
  </datafield>
  <datafield tag="082" ind1=" " ind2=" ">
    <subfield code="a">IJ 028.5</subfield>
    <subfield code="b">B724d</subfield>
  </datafield>
  <datafield tag="100" ind1=" " ind2=" ">
    <subfield code="a">Books, Herobrine</subfield>
    <subfield code="9">912</subfield>
  </datafield>
  <datafield tag="240" ind1=" " ind2=" ">
    <subfield code="a">Diary of a Minecraft zombie #1</subfield>
  </datafield>
  <datafield tag="245" ind1=" " ind2=" ">
    <subfield code="a">Di&#xE1;rio de um zumbi do Minecraft: </subfield>
    <subfield code="b">Um desafio assustador / </subfield>
    <subfield code="c">Books, Herobrine ; Tradu&#xE7;&#xE3;o de Ana Ban.</subfield>
  </datafield>
  <datafield tag="260" ind1=" " ind2=" ">
    <subfield code="a">Rio de Janiero</subfield>
    <subfield code="b">Sextante</subfield>
    <subfield code="c">2015</subfield>
  </datafield>
  <datafield tag="300" ind1=" " ind2=" ">
    <subfield code="a">84 p.</subfield>
  </datafield>
  <datafield tag="520" ind1=" " ind2=" ">
    <subfield code="a">Voc&#xEA; acha que os zumbis s&#xE3;o diferentes da gente? Ent&#xE3;o ficar&#xE1; surpreso com o que vai descobrir. Voc&#xEA; tem nas m&#xE3;os o di&#xE1;rio de um zumbi de 12 anos. Nestas p&#xE1;ginas, voc&#xEA; ter&#xE1; a oportunidade de conhecer o dia a dia na Escola Monstro e vai saber o que realmente se passa na cabe&#xE7;a de slimes, esqueletos, creepers, endermen e outros personagens do universo Minecraft. Entre um passeio para o Nether e um quase encontro com o Ender Dragon, o maior desafio na vida de um jovem zumbi est&#xE1; em jogo: conquistar Sally Cad&#xE1;ver e derrotar Jeff, o maior imbecil da escola. A vida (ou seria a morte?) de um zumbi n&#xE3;o &#xE9; nada f&#xE1;cil...
</subfield>
  </datafield>
  <datafield tag="650" ind1=" " ind2="0">
    <subfield code="a">Infantojuvenil</subfield>
    <subfield code="9">200</subfield>
  </datafield>
  <datafield tag="650" ind1=" " ind2="0">
    <subfield code="a">Zumbi</subfield>
    <subfield code="9">914</subfield>
  </datafield>
  <datafield tag="650" ind1=" " ind2="0">
    <subfield code="a">Minecraft</subfield>
    <subfield code="9">915</subfield>
  </datafield>
  <datafield tag="650" ind1=" " ind2="0">
    <subfield code="a">Aventura</subfield>
    <subfield code="9">47</subfield>
  </datafield>
  <datafield tag="655" ind1=" " ind2="0">
    <subfield code="a">Fic&#xE7;&#xE3;o </subfield>
    <subfield code="9">22</subfield>
  </datafield>
  <datafield tag="655" ind1=" " ind2="0">
    <subfield code="a">Romance</subfield>
    <subfield code="9">23</subfield>
  </datafield>
  <datafield tag="700" ind1=" " ind2=" ">
    <subfield code="a">Ana Ban</subfield>
    <subfield code="e">Tradutor</subfield>
    <subfield code="9">203</subfield>
  </datafield>
  <datafield tag="830" ind1=" " ind2=" ">
    <subfield code="a">Di&#xE1;rio de um Zumbi do Minecraft</subfield>
    <subfield code="9">913</subfield>
  </datafield>
  <datafield tag="942" ind1=" " ind2=" ">
    <subfield code="2">ddc</subfield>
    <subfield code="n">0</subfield>
    <subfield code="c">BK</subfield>
  </datafield>
  <datafield tag="952" ind1=" " ind2=" ">
    <subfield code="0">0</subfield>
    <subfield code="1">0</subfield>
    <subfield code="2">ddc</subfield>
    <subfield code="3">Livro 01</subfield>
    <subfield code="4">0</subfield>
    <subfield code="7">0</subfield>
    <subfield code="8">FIC</subfield>
    <subfield code="a">BIBIB</subfield>
    <subfield code="b">BIBIB</subfield>
    <subfield code="c">IJ</subfield>
    <subfield code="d">2025-06-16</subfield>
    <subfield code="e">doa&#xE7;&#xE3;o</subfield>
    <subfield code="l">0</subfield>
    <subfield code="o">IJ 028.5 / B724d</subfield>
    <subfield code="p">2025-17355</subfield>
    <subfield code="r">2025-06-16 14:12:04</subfield>
    <subfield code="w">2025-06-16</subfield>
    <subfield code="y">BK</subfield>
  </datafield>
  <datafield tag="999" ind1=" " ind2=" ">
    <subfield code="c">425</subfield>
    <subfield code="d">425</subfield>
  </datafield>
</record>
